| 000 | 00522nam a22001697a 4500 | ||
|---|---|---|---|
| 003 | NUST-PNEC | ||
| 005 | 20170116181040.0 | ||
| 008 | 150216b xxu||||| |||| 00| 0 eng d | ||
| 040 | _cLIBRARY | ||
| 082 | _a532 LEW | ||
| 100 |
_91350 _aLewitt |
||
| 245 |
_aHydraulics and fluid mechanics; a text-book covering the syllabuses of the B. Sc. (Eng.), I.C.E., and I. Mech. E. examinations in this subject. _cE.H. Lewitt |
||
| 250 | _aTenth Edition | ||
| 260 | _cc.1963 | ||
| 650 |
_911562 _aHydraulics _xME |
||
| 942 |
_2ddc _cBK |
||
| 999 |
_c68075 _d68075 |
||